Największe stacje kolejowe według województw - Statystyki

Ogólne statystyki
  • Ten quiz został rozwiązany 588 razy
    329 od ostatniego zresetowania
  • Średni wynik to 15 z 16
Statystyki odpowiedzi
Województwo Roczna liczba pasażerów Stacja % Poprawnych
dolnośląskie 28,78 mln Wrocław Główny
100%
pomorskie 17,66 mln Gdańsk Główny
98%
małopolskie 26,90 mln Kraków Główny
98%
wielkopolskie 26,89 mln Poznań Główny
98%
zachodniopomorskie 6,51 mln Szczecin Główny
98%
mazowieckie 20,04 mln Warszawa Centralna
98%
śląskie 16,33 mln Katowice
97%
podlaskie 3,04 mln Białystok
96%
lubelskie 4,21 mln Lublin Główny
96%
opolskie 4,68 mln Opole Główne
96%
podkarpackie 5,64 mln Rzeszów Główny
95%
warmińsko-mazurskie 3,51 mln Olsztyn Główny
94%
kujawsko-pomorskie 5,93 mln Bydgoszcz Główna
93%
świętokrzyskie 3,00 mln Kielce Główne
93%
lubuskie 2,89 mln Zielona Góra Główna
89%
łódzkie 4,69 mln Skierniewice
47%
Nie znaleziono quizów pasujących do podanych kryteriów
Rozkład punktacji
Procent ludzi z każdym wynikiem
Percentyl według liczby udzielonych odpowiedzi
Twoja historia wyników
Nie rozwiązałeś tego quizu od ostatniego zresetowania